000
00278nam a22001217a 4500
082
_a
823
_b
MOO/G
100
_a
MOORE,PATRICIA
245
_a
GREAT AUTHORS' SHORT STORIES
260
_a
NEW DELHI
_b
MAANU GRAPHICS
300
_a
144
650
_a
SHORT STORIES
_z
NEW DELHI
942
_c
BK
999
_c
3523
_d
3523